<?xml version="1.0" encoding="UTF-8"?>
<record
    xmlns:xsi="http://www.w3.org/2001/XMLSchema-instance"
    xsi:schemaLocation="http://www.loc.gov/MARC21/slim http://www.loc.gov/standards/marcxml/schema/MARC21slim.xsd"
    xmlns="http://www.loc.gov/MARC21/slim">

  <leader>00820nam a22002297a 4500</leader>
  <controlfield tag="003">UA-OsUOA</controlfield>
  <controlfield tag="001"> 39003 </controlfield>
  <controlfield tag="007">ta</controlfield>
  <controlfield tag="008">20080303b un ||||| |||| 00| 0 ukr d</controlfield>
  <datafield tag="090" ind1=" " ind2=" ">
    <subfield code="a">050</subfield>
    <subfield code="b">&#x418;99</subfield>
  </datafield>
  <datafield tag="942" ind1=" " ind2=" ">
    <subfield code="c">BK</subfield>
  </datafield>
  <datafield tag="040" ind1=" " ind2=" ">
    <subfield code="a">UA-OsUOA</subfield>
    <subfield code="b">ukr</subfield>
    <subfield code="c">UA-OsUOA</subfield>
    <subfield code="d">UA-OsUOA</subfield>
  </datafield>
  <datafield tag="245" ind1=" " ind2=" ">
    <subfield code="a">&#x406;&#x43D;&#x441;&#x442;&#x438;&#x442;&#x443;&#x442; &#x443;&#x43A;&#x440;&#x430;&#x457;&#x43D;&#x43E;&#x437;&#x43D;&#x430;&#x432;&#x441;&#x442;&#x432;&#x430; &#x456;&#x43C;. &#x406;. &#x41A;&#x440;&#x438;&#x43F;'&#x44F;&#x43A;&#x435;&#x432;&#x438;&#x447;&#x430; &#x41D;&#x430;&#x446;&#x456;&#x43E;&#x43D;&#x430;&#x43B;&#x44C;&#x43D;&#x43E;&#x457; &#x410;&#x43A;&#x430;&#x434;&#x435;&#x43C;&#x456;&#x457; &#x41D;&#x430;&#x443;&#x43A; &#x423;&#x43A;&#x440;&#x430;&#x457;&#x43D;&#x438; &#x432; 2005 &#x440;.</subfield>
  </datafield>
  <datafield tag="300" ind1=" " ind2=" ">
    <subfield code="a">160 &#x441;.</subfield>
  </datafield>
  <datafield tag="955" ind1=" " ind2=" ">
    <subfield code="a">1</subfield>
  </datafield>
  <datafield tag="041" ind1=" " ind2=" ">
    <subfield code="a">ukr</subfield>
  </datafield>
  <datafield tag="080" ind1=" " ind2=" ">
    <subfield code="a">050</subfield>
  </datafield>
  <datafield tag="260" ind1=" " ind2=" ">
    <subfield code="a">&#x41B;&#x44C;&#x432;&#x456;&#x432;</subfield>
    <subfield code="c">2006</subfield>
  </datafield>
  <datafield tag="246" ind1="3" ind2="1">
    <subfield code="a">&#x406;&#x43D;&#x444;&#x43E;&#x440;&#x43C;&#x430;&#x446;&#x456;&#x439;&#x43D;&#x438;&#x439; &#x431;&#x44E;&#x43B;&#x435;&#x442;&#x435;&#x43D;&#x44C;</subfield>
  </datafield>
  <datafield tag="650" ind1=" " ind2="7">
    <subfield code="a">050 &#x421;&#x435;&#x440;&#x456;&#x439;&#x43D;&#x456; &#x43F;&#x443;&#x431;&#x43B;&#x456;&#x43A;&#x430;&#x446;&#x456;&#x457;. &#x41F;&#x435;&#x440;&#x456;&#x43E;&#x434;&#x438;&#x43A;&#x430; &#x433;&#x430;&#x43B;&#x443;&#x437;&#x456;, &#x41E;&#x440;&#x433;&#x430;&#x43D;&#x456;&#x437;&#x430;&#x446;&#x456;&#x44F; &#x442;&#x430; &#x456;&#x43D;&#x448;&#x456; &#x442;&#x438;&#x43F;&#x438; &#x43F;&#x43E;&#x454;&#x434;&#x43D;&#x430;&#x43D;&#x43D;&#x44F; (&#x441;&#x43F;&#x456;&#x432;&#x440;&#x43E;&#x431;&#x456;&#x442;&#x43D;&#x438;&#x446;&#x442;&#x432;&#x430;)</subfield>
    <subfield code="2">UDC</subfield>
  </datafield>
  <datafield tag="999" ind1=" " ind2=" ">
    <subfield code="c">437513</subfield>
    <subfield code="d">437513</subfield>
  </datafield>
  <datafield tag="952" ind1=" " ind2=" ">
    <subfield code="0">0</subfield>
    <subfield code="1">0</subfield>
    <subfield code="2">udc</subfield>
    <subfield code="4">0</subfield>
    <subfield code="7">0</subfield>
    <subfield code="a">300</subfield>
    <subfield code="b">300</subfield>
    <subfield code="d">2008-03-03</subfield>
    <subfield code="e">214/2009</subfield>
    <subfield code="g">1.00</subfield>
    <subfield code="i">2127880</subfield>
    <subfield code="l">0</subfield>
    <subfield code="o">050 &#x418;99</subfield>
    <subfield code="p">2127880</subfield>
    <subfield code="r">2019-09-15 00:00:00</subfield>
    <subfield code="w">2008-03-03</subfield>
    <subfield code="y">BK</subfield>
  </datafield>
</record>
